000 01184aab a2200241 i 4500
001 768714001
003 CO-MdFUSB
005 20240808124153.0
008 240808t2000 -us||||| |||| 00| 0 eng d
040 _bspa
_cCO-MdFUSB
041 _aeng
100 1 _aWest, Charles C.
_eautor
245 0 0 _aShould christians take marxism seriously anymore?
_c/ Charles C. West
520 _aEn el artículo principal de este número, Charles C. West, profesor emérito del Seminario Teológico de Princeton, llama nuestra atención con una pregunta inesperada: "¿Deben los cristianos seguir tomando en serio el marxismo?" Las palabras de Jesús acerca de los demonios exorcizados que regresan a una casa vacía adquieren un nuevo significado con la respuesta de West a esta pregunta.
546 _aTexto en inglés.
650 0 _aCristianismo y política
_91250
650 7 _aTeología de la liberación
_9449
650 7 _aAntropología cultural y social
_96714
650 7 _aÉtica comunista
_97279
773 0 _tInternational Bulletin
_049483
_961001
_g Volumen 24, (número 1, 2000), páginas: 2 - 7
_qpágina: 2
942 _cANA
945 _aCatherine Arias Álvarez - Practicante SENA
999 _c57280
_d57280